Statystyki dla Top 100 polskich streamerów na twitchu

Kliknij tutaj aby rozwiązać quiz!

Ogólne statystyki

  • Ten quiz został rozwiązany 67 razy
  • Średni wynik to 25 z 100

Statystyki odpowiedzi

MiejsceGodziny streama (30 dni)Obejrzane godziny (30 dni)ObserwującyOdpowiedź% Poprawnych
1137.1433K978Kxayoo_
89%
284.7864K926Kyoungmulti
86%
1120,41.04M890Kewroon
82%
1543.2319K316Kbanduracartel
79%
988.7450K397Kmrdzinold
79%
561583.3K1.88Mizakooo
77%
3194162K572Kkasix
75%
485824K422Kxmerghani
71%
51187.6100K307Knieuczesana
64%
8290.554.8K406Kremsua
64%
1368.7379K368Kfranio
63%
1665.4315K444Kpopo
63%
24119.8203K752Kpago3
61%
1068.9447K361Kvysotzky
61%
1757.3309K297Klukisteve
55%
6256.6515K277Krybsonlol_
52%
7400.8496K67.5K1wron3k
50%
3174.7848K378Kh2p_gucio
50%
1474.5379K169Kmlodziutki7
50%
3090165K228Kdiables
48%
6091.178.9K151Kmamm0n (tak serio to mork)
48%
3260.5158K183Kmokrysuchar
46%
12109.6426K266Kxthorek
46%
2972.7174K95.3Ktuszol
45%
45157.2112K368Karquel
41%
33219154K330Kkubon_
39%
46118.3112K751Kzony
39%
8611451K48.8Kxkaleson
38%
23140.8205K175Kneexcsgo
36%
21203.5218K287Koverpow
36%
1990.1234K469Kparisplatynov
34%
8103.6470K156Kgrendy
32%
3697.2142K306Kxntentacion
32%
10035.538.9K137Kaki_997
30%
5425.988.5K319Kplkdamian
30%
7740.758.1K68.8Krevo_toja
30%
988440K609Knervarien
29%
5529.8537K31.6Kazdus
27%
7637.358.5K172Kolszakumpel
27%
38153.7133K270Kpevor13
27%
35201.3142K181Kbonkol
25%
7253.861.9K205Krafonixszef
25%
9255.846.2K301Krockalone
25%
3774.4135K120Ktakuu_
25%
52894.4K163Kdejvid_tibijski_zadymiarz
23%
28235.1189K114Kdemonzz1
23%
42191.1123K114Kangela35
21%
5048.1102K72Kkaseko
21%
18189.3277K65.7Kslayproxx
21%
3495.8146K81.8Ktestree
16%
4393.6116K152Kqlnek
14%
48224.9108K182Krandombrucetv
14%
27379.9190K49.4Krudaninja
14%
6530.566.4K63.3Kmatixoxoo_
13%
64408.667.5K28.3Kdobrodziejdobrodziejski
11%
44210.2114K101Kmrcreatifee
11%
40220.5124K80.3Kczesio_invi
9%
95142.742.8K226Kinet_saju
9%
20185.3230K196Kpisiciela
9%
25108.2195K273Kpolsatgames
9%
8986.946.7K52.3Kszelioficjalnie
9%
22218.5211K117Kexhiie
7%
78122.755.8K148Kmaailinh
7%
81158.854.8K75.1Kortis
7%
967741.1K87.1Ksmerftv_
7%
9448.744.3K35.5Kfatek_
5%
47152.7110K34.6Kgluhammer
5%
55175.787.4K47.2Kkalach444
5%
6699.366K11.1Kkyuun12
5%
8464.853K58.6Kpajalockk
5%
41315123K46.9Ktamae_
5%
73218.361.7K101Kxn0rth
5%
26212.2191K123Kblackfireice
4%
9915339.1K69.9Kxtom223
4%
83165.253.9K43.8Kaikoiemil
2%
61107.274.7K114Kbuli
2%
59176.280.4K57Kcyganzor
2%
6314369.7K80.5Kedenitoo
2%
5861.282.7K19.1Kgalineos
2%
85719.851.6K9.4Kkapitanbombatv
2%
68177.363.3K51.6Kminiuwa
2%
49162.1108K100Knewmultishow
2%
6218473.2K17.1Kputrefy
2%
57234.782.7K90.1Ksmaczny
2%
88161.847.3K13.3Kstrojny
2%
87286.848.4K25.8Kaspen_tv_
0%
7560.760.8K61.Kgrapaczka
0%
70152.162.3K34.4Kindystarcraft
0%
8089.854.9K55.6Kkamileater
0%
53214.494.3K23.4Kkezman22
0%
9710641K7.7Kl2plelouch
0%
91332.546.2K20.6Kliazal
0%
74119.361.2K52.1Kmasle1
0%
9090.346.6K36.7Kmichu_hm
0%
39268.8131K17.3Knadinwins
0%
79182.655.4K40.7Kpapapawian
0%
6794.163.8K54.4Kpelcu
0%
69189.962.6K23Kroocket__
0%
9316644.5K35.8Kvdr1984
0%
71201.662K56.4Kxemtek
0%

Rozkład punktacji

Percentyl według liczby udzielonych odpowiedzi

Procent ludzi z każdym wynikiem

Twoja historia wyników

Nie rozwiązałeś tego quizu